Delhi Sultanate/ (Record no. 68754)

MARC details
000 -LEADER
fixed length control field 01165nam a22002417a 4500
005 - DATE AND TIME OF LATEST TRANSACTION
control field 20120727111441.0
010 ## - LCCN (DPL NO)
LC control number B-477221
020 ## - INTERNATIONAL STANDARD BOOK NUMBER
International Standard Book Number 9789380836713
Terms of availability 1000.00
035 ## - SYSTEM CONTROL NUMBER
System control number B-477221
037 ## - SOURCE OF ACQUISITION
Stock number dpl
Source of stock number/acquisition K.K.Pub/Ven
082 ## - DEWEY DECIMAL CLASSIFICATION NUMBER
Classification number 954.021
100 ## - MAIN ENTRY--PERSONAL NAME
Personal name Singh, Mahesh Vikram.
245 ## - TITLE STATEMENT
Title Delhi Sultanate/
Statement of responsibility, etc by Mahesh Vikram Singh and Brij Bhushan Shrivastava
260 ## - PUBLICATION, DISTRIBUTION, ETC. (IMPRINT)
Place of publication, distribution, etc New Delhi
Name of publisher, distributor, etc Centrum press
Date of publication, distribution, etc 2011
270 ## - ADDRESS
Address 4360/4, Ansari Road, Daryaganj,
City New delhi
Postal code 110002
300 ## - PHYSICAL DESCRIPTION
Extent 296 p.
Dimensions 22 cm (Hb)
490 ## - SERIES STATEMENT
Series statement Encyclopaedic history of india: series
-- 50859
500 ## - GENERAL NOTE
General note it includes bibliographical references
700 ## - ADDED ENTRY--PERSONAL NAME
Personal name Brij Bhushan Shrivastava
9 (RLIN) 50860
942 ## - ADDED ENTRY ELEMENTS (KOHA)
Source of classification or shelving scheme Dewey Decimal Classification
Item type English Books
Call number suffix SIN
Classification part 954.021
Holdings
Withdrawn status Lost status Not for loan Collection code Home library Current library Date acquired Source of acquisition Cost, normal purchase price Full call number Barcode Copy number Cost, replacement price Koha item type
      Non-fiction Central Library Central Library 08/08/2012 K.K.Pub/1907/30.3.2012/SP/45/30.03.2012/30.03.2012 1000.00 954.021 SIN B-477221 1 1000.00 English Books

© Delhi Public Library
Hit Counter
free hit counter